00936 2200217 4500001002100000005001500021008004100036020002200077035001900099041000800118082001100126084001700137100004200154245003000196260003200226300004000258500002400298520035100322650001400673650003100687INLIS00000000000852020200508204422200508||||||||| | ||| |||| ||eng|| a978-0-07-351667-7 0010-0520008520 aeng0 a004.22 a004.22/O'L/C0 aTimothy J. O'Leary ; Linda I. O'Leary00aComputing Essentials 2007 aNew YorkbMcGraw Hillc2007 axxvi, 531 p.b: col. ill. ;c28 cm. aIndeks : p. 519-532 aThe "O'Leary" series is one of the most trusted and effective resources for teaching and learning software applications and computer concepts. With strong concept reinforcement, relevant research motivation, and visually appealing chapters including current trends, the "O'Leary Computing Essentials, 18e" is a favorite among students everywhere. 0aComputers 0aElectronic data processing